| 000 | 00728nam a2200229Ia 4500 | ||
|---|---|---|---|
| 003 | GCL | ||
| 008 | 140319s9999 xx 000 0 ara d | ||
| 040 |
_aGCL / _cGCL |
||
| 082 | 0 | 4 |
_aق _b932 _bش ش |
| 100 | 1 | _aشامبليون. ج. ف | |
| 245 | 1 | 0 |
_aشامبليون فى مصر : الرسائل والمذكرات / _cشامبليون. ج. ف |
| 700 | 1 | _aطاهر عبدالحكيم | |
| 700 | 1 | _aعماد عدلى | |
| 260 |
_a[S.N] : _bدار الفكر للدراسات والنشر والتوزيع ، _c1991 |
||
| 300 | _a450 ص | ||
| 490 | _a | ||
| 650 | 0 | 4 | _aالعصر الحديث |
| 650 | 0 | 4 | _aمصر |
| 650 | 0 | 4 | _aتاريخ |
| 650 | 0 | 4 | _aالكتابة المصرية القديمة |
| 942 |
_2ddc _cBK |
||
| 999 |
_c52510 _d52510 |
||